Juegos de los niños en las escuelas y colegios / (Record no. 5633)

MARC details
000 -LEADER
campo de control de longitud fija 01029nam a2200277 i 4500
001 - NÚMERO DE CONTROL
campo de control 5633
003 - IDENTIFICADOR DE NÚMERO DE CONTROL
campo de control ES-MaACL
005 - FECHA Y HORA DE LA ÚLTIMA TRANSACCIÓN
campo de control 20231215062941.0
007 - CAMPO FIJO DE DESCRIPCIÓN FÍSICA--INFORMACIÓN GENERAL
campo de control de longitud fija t|
008 - DATOS DE LONGITUD FIJA--INFORMACIÓN GENERAL
campo de control de longitud fija 890411s1986 sp ||||1| spa d
020 ## - NÚMERO INTERNACIONAL ESTÁNDAR DEL LIBRO
Número Internacional Estándar del Libro 84-85354-26-8
080 ## - NÚMERO DE LA CLASIFICACIÓN DECIMAL UNIVERSAL
Número de la Clasificación Decimal Universal 398.5:087.5
080 ## - NÚMERO DE LA CLASIFICACIÓN DECIMAL UNIVERSAL
Número de la Clasificación Decimal Universal 796.1
100 1# - ENTRADA PRINCIPAL--NOMBRE DE PERSONA
Nombre de persona Santos Hernández, P.
9 (RLIN) 103507
245 10 - MENCIÓN DEL TÍTULO
Título Juegos de los niños en las escuelas y colegios /
Mención de responsabilidad, etc. P. Santos Hernandez ; estudio preliminar de Carmen Bravo-Villasante.
260 ## - PUBLICACIÓN, DISTRIBUCIÓN, ETC.
Lugar de publicación, distribución, etc. Palma de Mallorca :
Nombre del editor, distribuidor, etc. José J. de Olañeta,
Fecha de publicación, distribución, etc. 1986.
300 ## - DESCRIPCIÓN FÍSICA
Extensión XIX, XIV, 368 p. :
Otras características físicas il. ;
Dimensiones 21 cm.
490 1# - MENCIÓN DE SERIE
Mención de serie Erase una vez... Biblioteca de cuentos maravillosos ;
Designación de volumen o secuencia 29
500 ## - NOTA GENERAL
Nota general Reprod. de la ed. de : Madrid, Saturnino Calleja, 1901?
500 ## - NOTA GENERAL
Nota general Bibliografia. Indice.
650 #4 - PUNTO DE ACCESO ADICIONAL DE MATERIA--TÉRMINO DE MATERIA
Término de materia o nombre geográfico como elemento de entrada Juegos infantiles.
9 (RLIN) 14020
700 1# - ENTRADA AGREGADA--NOMBRE PERSONAL
Nombre de persona Bravo-Villasante, Carmen,
Fechas asociadas al nombre 1918-1994
9 (RLIN) 31507
830 0# - PUNTO DE ACCESO ADICIONAL DE SERIE-TÍTULO UNIFORME
Título uniforme Erase una vez... Biblioteca de cuentos maravillosos ;
Designación de volumen o secuencia 29
9 (RLIN) 177315
852 ## - LOCALIZACIÓN
Ubicación ES-MaACL
Número de control de estantería L-12437
Sublocalización o colección R.114917
Nota libre . - rust.
Holdings
Estatus retirado Estado de pérdida Estado de daño No para préstamo Biblioteca de origen Biblioteca actual Ubicación en estantería Fecha de adquisición Fuente de adquisición Total de préstamos Signatura topográfica completa Código de barras Visto por última vez Precio de reemplazo Tipo de ítem Koha
        Biblioteca del Ateneo de Madrid Biblioteca del Ateneo de Madrid Depósito 2 17/01/2008     L-12437 1005711 23/02/2023 23/02/2023 Libro impreso